000 00291nam a22001337a 4500
008 181024b xxu||||| |||| 00| 0 eng d
020 _a07121685854
041 _aeng
080 _a616.12
100 _a7
101 _aKAR
245 _aThe Electrocardiogram
_cStein.m
942 _2udc
_cBK
999 _c50820
_d50820